000 01477nam a22002775a 4500
003 OSt
005 20180424155051.0
008 180424s1991 jo a frb 000 0 ara d
020 _a9226075514
040 _aEG-ScBUE
_bara
_cEG-ScBUE
043 _ama-----
082 0 4 _a331.1109174927
_bح ر ك
_222
245 0 0 _aحركة السكان وانتقال القوى العاملة في العالم العربي /
_cتحرير ومراجعة نبيل خوري، صالح الخصاونة ؛ المساهمون نبيل خوري... [إلخ.].
250 _aط. 1.
260 _aعمان، الأردن :
_bالمملكة الأردنية الهاشمية، وزارة العمل ؛
_a[د. م.] :
_bمنظمة العمل الدولية، المكتب الإقليمي للدول العربية، فريق عمل السكان والقوى العاملة في منطقة الشرق الأوسط وحوض البحر الأبيض المتوسط،
_c1991.
300 _a125 ص. :
_bإيض. ؛
_c24 سم.
504 _aيشتمل على إرجاعات ببليوجرافية.
541 _aأ. محمد فريد خميس ؛
_cإهداء ؛
650 7 _aالقوى العاملة
_zالبلاد العربية.
_2BUEsh
650 7 _aالسكان
_zالبلاد العربية.
_2BUEsh
651 _2BUEsh
653 _bGGEN
_cApril2018
700 1 _aخوري، نبيل،
_eمحرر،
_eمراجع.
700 1 _aخصاونة، صالح،
_eمحرر،
_eمراجع.
942 _2ddc
999 _c26593
_d26565